00800nam a2200217 a 450000100100000000500170001000800410002702000150006804000250008308200140010824500840012226000580020630000290026449000270029350400310032070000350035170000340038683000330042095201120045399900170056500001898120200929165907.0910219s1989 fr a b f000 0dfre  a2858505373 aDO-SdBNPbengcBNPHU axxxxbJ8300aJosé Bergamin /csous la direction de Florence Delay et Dominique Letourneur. aParis :bEditions du Centre Georges Pompidou,cc1989. a286 p. :bill. ;c24 cm.1 aCahiers pour un temps, aBibliografía : p.277-2861 aDelay, Florence,d1941-9408391 aLetourneur, Dominique.940840 0aCahiers pour un temps940841 001050718MOaGRbGRcCTd2010-05-21iLF1l0oxxxx J83p18981-10r2020-06-25w2020-06-25y1ZNo se presta c18499d18499